Statistiche per Elenca la formazione - Quiz n°102

Clicka qui per fare il quiz!

Statistiche generali

  • Questo quiz è stato fatto 16 volte
  • Il punteggio medio è 10 su 11

Statistiche sulle risposte

RuoloNazioneCalciatore% Corretto
PortiereSpagnaPepe Reina
100%
AttaccanteItaliaCiro Immobile
93%
CentrocampistaSerbiaSergej Milinković-Savić
93%
DifensoreRomaniaȘtefan Radu
93%
AttaccanteEcuadorFelipe Caicedo
87%
CentrocampistaSpagnaLuis Alberto
87%
DifensoreBrasileLuiz Felipe
87%
CentrocampistaItaliaManuel Lazzari
87%
CentrocampistaMontenegroAdam Marušić
80%
CentrocampistaBrasileLucas Leiva
80%
DifensoreItaliaFrancesco Acerbi
73%

Distribuzione punteggi

Percentile per numero di risposta

Percentuale di utenti per punteggio

I tuoi punteggi nel tempo

Non hai fatto questo quiz